[Event "Regionalliga Nord-Ost 1819"]
[Site "Bayern"]
[Date "2019.02.03"]
[Round "6.6"]
[White "Diller, Marianne"]
[Black "Prochazka, Bedrich"]
[Result "1/2-1/2"]
[WhiteElo "1822"]
[BlackElo "1910"]
[PlyCount "40"]
[EventDate "2018.10.21"]
[EventType "team-tourn"]
[EventRounds "9"]
[EventCountry "GER"]
[SourceTitle "EXT 2022"]
[Source "ChessBase"]
[SourceDate "2021.10.06"]
[SourceVersion "1"]
[SourceVersionDate "2021.10.06"]
[SourceQuality "1"]
[WhiteTeam "Rothenburg"]
[BlackTeam "Windischeschenbach"]
[WhiteTeamCountry "GER"]
[BlackTeamCountry "GER"]

1. d4 e6 2. Bf4 Nf6 3. e3 b6 4. h3 Bb7 5. Nf3 Be7 6. Bd3 d6 7. 0-0 Nbd7 8. c3 0-0 9. Qe2 Ne4 10. Bxe4 Bxe4 11. Nbd2 Bg6 12. e4 Qc8 13. Bg3 Re8 14. Nh4 Bxh4 15. Bxh4 e5 16. dxe5 dxe5 17. Rfd1 Nc5 18. b4 Ne6 19. Bg3 f6 20. Nf1 Qb7 1/2-1/2

[Event "Regionalliga Nord-Ost 1819"]
[Site "Bayern"]
[Date "2019.01.20"]
[Round "5.7"]
[White "Diller, Marianne"]
[Black "Reichmann, Ulrich"]
[Result "0-1"]
[WhiteElo "1822"]
[BlackElo "1889"]
[PlyCount "87"]
[EventDate "2018.10.21"]
[EventType "team-tourn"]
[EventRounds "9"]
[EventCountry "GER"]
[SourceTitle "EXT 2022"]
[Source "ChessBase"]
[SourceDate "2021.10.06"]
[SourceVersion "1"]
[SourceVersionDate "2021.10.06"]
[SourceQuality "1"]
[WhiteTeam "Rothenburg"]
[BlackTeam "Postbauer Heng"]
[WhiteTeamCountry "GER"]
[BlackTeamCountry "GER"]

1. d4 c5 2. d5 Nf6 3. c4 b5 4. cxb5 a6 5. Nc3 axb5 6. e4 b4 7. Nb5 d6 8. Qc2 g6 9. a4 Bg7 10. Bc4 0-0 11. Ne2 Nbd7 12. Ng3 Ne5 13. Be2 Qa5 14. 0-0 Ba6 15. Bg5 Rfb8 16. Rad1 Rb7 17. h3 h6 18. Be3 Ned7 19. b3 Ne8 20. Qd2 Kh7 21. Rc1 Nc7 22. Nxc7 Rxc7 23. f4 Bc3 24. Qd1 c4 25. f5 Ne5 26. fxg6+ fxg6 27. Rf4 cxb3 28. Rh4 Nf7 29. Qf1 Bf6 30. Rxc7 Bxe2 31. Nxe2 Qxc7 32. e5 dxe5 33. Rxb4 Rb8 34. Rxb8 Qxb8 35. Nc3 b2 36. Nb1 Qb3 37. Qe2 e4 38. Bd2 Qxa4 39. Kh2 Qc2 40. Qe1 Be5+ 41. Kh1 Qd3 42. Bb4 Bg3 43. Qg1 e3 44. Bxe7 0-1

[Event "Regionalliga Nord-Ost 1819"]
[Site "Bayern"]
[Date "2018.11.11"]
[Round "2.7"]
[White "Walter, Thomas"]
[Black "Diller, Marianne"]
[Result "1-0"]
[WhiteElo "2053"]
[BlackElo "1822"]
[PlyCount "89"]
[EventDate "2018.10.21"]
[EventType "team-tourn"]
[EventRounds "9"]
[EventCountry "GER"]
[SourceTitle "EXT 2022"]
[Source "ChessBase"]
[SourceDate "2021.10.06"]
[SourceVersion "1"]
[SourceVersionDate "2021.10.06"]
[SourceQuality "1"]
[WhiteTeam "Erlangen SC II"]
[BlackTeam "Rothenburg"]
[WhiteTeamCountry "GER"]
[BlackTeamCountry "GER"]

1. e4 d5 2. exd5 Qxd5 3. Nc3 Qd6 4. d4 Nf6 5. g3 Bg4 6. Qd3 c6 7. Bg2 e6 8. Nf3 Qc7 9. Ne5 Bf5 10. Qe2 Nbd7 11. Nc4 Nb6 12. Bf4 Qd8 13. Ne3 Bg6 14. 0-0-0 Bd6 15. Bxd6 Qxd6 16. d5 cxd5 17. Nexd5 Nfxd5 18. Nxd5 0-0-0 19. Nf4 Qc7 20. Nxg6 hxg6 21. f4 Kb8 22. Rxd8+ Rxd8 23. Rd1 Rxd1+ 24. Qxd1 Qd7 25. Qf3 Nc4 26. Qc3 Nd6 27. Qxg7 Qb5 28. Qd4 Kc7 29. Qxa7 Qe2 30. Qa5+ Kd7 31. Qd2 Qa6 32. a3 Qb6 33. Kb1 Ke7 34. Ka2 Qg1 35. Bf3 b6 36. b3 Nf5 37. Qb4+ Kf6 38. Kb2 Kg7 39. g4 Ne3 40. Qd4+ Kg8 41. f5 Qf2 42. Qd8+ Kh7 43. fxg6+ fxg6 44. Qe7+ Kh6 45. g5# 1-0

[Event "Mittelfranken-chTB1 1718"]
[Site "Mittelfranken"]
[Date "2017.10.29"]
[Round "2.7"]
[White "Pranschke, Gerd"]
[Black "Diller, Marianne"]
[Result "1-0"]
[WhiteElo "1940"]
[BlackElo "1843"]
[PlyCount "65"]
[EventDate "2017.10.08"]
[EventType "team-tourn"]
[EventRounds "9"]
[EventCountry "GER"]
[SourceTitle "EXT 2022"]
[Source "ChessBase"]
[SourceDate "2021.10.06"]
[SourceVersion "1"]
[SourceVersionDate "2021.10.06"]
[SourceQuality "1"]
[WhiteTeam "Nuernberg Noris Tarrasch III"]
[BlackTeam "Rothenburg"]
[WhiteTeamCountry "GER"]
[BlackTeamCountry "GER"]

1. e4 d5 2. exd5 Qxd5 3. Nc3 Qd6 4. d4 Nf6 5. Nf3 a6 6. h3 Bf5 7. Bd3 Bxd3 8. Qxd3 e6 9. 0-0 Be7 10. Ne4 Qd8 11. Be3 Nbd7 12. Rad1 0-0 13. Rfe1 Re8 14. c4 c6 15. Nc3 Bb4 16. a3 Bxc3 17. Qxc3 h6 18. Ne5 Nf8 19. Qc2 Qc7 20. f4 Rad8 21. Qf2 Ne4 22. Qc2 Nd6 23. Qc1 f6 24. Nf3 Qf7 25. b3 Qh5 26. Bd2 g5 27. fxg5 hxg5 28. Nh2 Re7 29. Ng4 Nh7 30. d5 cxd5 31. cxd5 e5 32. Bb4 Qf7 33. Nh6+ 1-0

[Event "Mittelfranken-chTB2a 1718"]
[Site "Mittelfranken"]
[Date "2017.10.08"]
[Round "1.5"]
[White "Diller, Marianne"]
[Black "Loy, Wolfgang"]
[Result "0-1"]
[WhiteElo "1843"]
[BlackElo "1727"]
[PlyCount "124"]
[EventDate "2017.10.08"]
[EventType "team-tourn"]
[EventRounds "9"]
[EventCountry "GER"]
[SourceTitle "EXT 2022"]
[Source "ChessBase"]
[SourceDate "2021.10.06"]
[SourceVersion "1"]
[SourceVersionDate "2021.10.06"]
[SourceQuality "1"]
[WhiteTeam "Rothenburg II"]
[BlackTeam "Treuchtlingen/Wet SG"]
[WhiteTeamCountry "GER"]
[BlackTeamCountry "GER"]

1. d4 Nf6 2. c4 e6 3. Nf3 b6 4. Bg5 Be7 5. e3 Bb7 6. Bd3 d6 7. 0-0 Nbd7 8. Nc3 h6 9. Bxf6 Nxf6 10. Nd2 d5 11. Rc1 0-0 12. f4 c5 13. cxd5 cxd4 14. exd4 Nxd5 15. Qe2 Nf6 16. Nf3 Bxf3 17. Qxf3 Qxd4+ 18. Kh1 Qb4 19. Qe2 Rfe8 20. a3 Qa5 21. Nb5 Rad8 22. Rc7 Rd7 23. Rfc1 Rxc7 24. Rxc7 Qa4 25. g3 a6 26. Nc3 Qd4 27. Rc4 Qd8 28. Ne4 Qa8 29. Kg1 Nd7 30. b4 Rc8 31. Qc2 Rxc4 32. Qxc4 b5 33. Qc7 Qd8 34. Qxd8+ Bxd8 35. Kf1 Kf8 36. Ke2 Ke7 37. a4 bxa4 38. Bxa6 a3 39. Nc3 Nb6 40. Na2 e5 41. Ke3 Bc7 42. fxe5 Bxe5 43. Ke4 Bb2 44. Bd3 Na4 45. Bc4 Nc3+ 46. Nxc3 Bxc3 47. b5 Ba5 48. Kd5 Bb6 49. g4 Kd8 50. h4 g6 51. h5 gxh5 52. gxh5 f6 53. Bb3 Be3 54. Ba2 Kc7 55. Bb3 f5 56. Bc4 f4 57. Ke4 Kb6 58. Kd3 Kc5 59. Kc3 Bd4+ 60. Kd3 Be3 61. Kc3 Bd2+ 62. Kd3 Ba5 0-1

[Event "GER-chT Federal Cup (Women)"]
[Site "Braunfels"]
[Date "2017.06.15"]
[Round "1.7"]
[White "Diller, Marianne"]
[Black "Vollstaedt Klein, Sabine"]
[Result "0-1"]
[WhiteElo "1823"]
[BlackElo "1879"]
[PlyCount "114"]
[EventDate "2017.06.15"]
[EventType "team-swiss"]
[EventRounds "5"]
[EventCountry "GER"]
[SourceTitle "CBM 179 Extra"]
[Source "ChessBase"]
[SourceDate "2017.08.23"]
[SourceVersion "1"]
[SourceVersionDate "2017.08.23"]
[SourceQuality "1"]
[WhiteTeam "Bayern (W)"]
[BlackTeam "Baden (W)"]
[WhiteTeamCountry "GER"]
[BlackTeamCountry "GER"]

1. d4 f5 2. c4 g6 3. Nc3 Bg7 4. Nf3 Nf6 5. e3 0-0 6. Be2 e6 7. 0-0 d6 8. Qc2 c6 9. b3 Qc7 10. Bb2 Re8 11. Rfd1 Nbd7 12. Rac1 e5 13. d5 c5 14. Nb5 Qb8 15. Ng5 a6 16. Nc3 Nf8 17. a3 e4 18. b4 h6 19. Nh3 b6 20. Bf1 g5 21. g3 Ng6 22. Kh1 Qc7 23. Rb1 Rb8 24. Rd2 Ne5 25. bxc5 bxc5 26. Ng1 Qf7 27. Kg2 Qh5 28. Qd1 g4 29. h4 gxh3+ 30. Kh1 h2 31. Nh3 Nf3 32. Bc1 Rxb1 33. Nxb1 Nxd2 34. Qxh5 Nxh5 35. Nxd2 Bc3 36. Kxh2 Bd7 37. Ng1 Rb8 38. Ne2 Bxd2 39. Bxd2 Nf6 40. Nc3 Rb3 41. a4 Ra3 42. a5 Ng4+ 43. Kg2 Rxa5 44. f3 exf3+ 45. Kxf3 Nh2+ 46. Kf2 Nxf1 47. Kxf1 Kf7 48. Ke2 Ra1 49. e4 Kg6 50. Bf4 Ra3 51. exf5+ Bxf5 52. Kd2 Rb3 53. Bxd6 Rb4 54. Be5 Rxc4 55. d6 h5 56. Nd5 Kf7 57. Bf4 Rd4+ 0-1

[Event "Mittelfranken-chTB2a 1617"]
[Site "Mittelfranken"]
[Date "2017.03.26"]
[Round "8.6"]
[White "Diller, Marianne"]
[Black "Weissmann, Peter"]
[Result "1-0"]
[WhiteElo "1801"]
[BlackElo "1608"]
[PlyCount "65"]
[EventDate "2016.10.23"]
[EventType "team-tourn"]
[EventRounds "9"]
[EventCountry "GER"]
[SourceTitle "EXT 2022"]
[Source "ChessBase"]
[SourceDate "2021.10.06"]
[SourceVersion "1"]
[SourceVersionDate "2021.10.06"]
[SourceQuality "1"]
[WhiteTeam "Rothenburg II"]
[BlackTeam "Zirndorf II"]
[WhiteTeamCountry "GER"]
[BlackTeamCountry "GER"]

1. d4 Nf6 2. Nf3 e6 3. Bg5 d5 4. e3 c5 5. c3 Nc6 6. Nbd2 h6 7. Bh4 g5 8. Bg3 Bd6 9. dxc5 Bxc5 10. Nb3 Bb6 11. Qc2 Ne4 12. Nfd4 Bd7 13. Bb5 Rc8 14. Bxc6 Bxc6 15. Nxc6 Rxc6 16. Be5 f6 17. Bd4 Bxd4 18. exd4 Kf7 19. 0-0 Qc7 20. Qe2 h5 21. f3 Nd6 22. Nc5 Nf5 23. Nd3 a5 24. Rae1 b6 25. g4 hxg4 26. fxg4 Ng7 27. Ne5+ Kg8 28. Nxc6 Qxc6 29. Rxf6 Rh4 30. Ref1 Qd6 31. R1f2 Qc7 32. Rf8+ Kh7 33. Qc2+ 1-0

[Event "Mittelfranken-chTB2a 1415"]
[Site "Mittelfranken"]
[Date "2015.04.19"]
[Round "9.6"]
[White "Margraf, Christoph"]
[Black "Diller, Marianne"]
[Result "1-0"]
[WhiteElo "1862"]
[BlackElo "1824"]
[PlyCount "87"]
[EventDate "2014.09.28"]
[EventType "team-tourn"]
[EventRounds "9"]
[EventCountry "GER"]
[SourceTitle "EXT 2020"]
[Source "ChessBase"]
[SourceDate "2019.10.17"]
[SourceVersion "1"]
[SourceVersionDate "2019.10.17"]
[SourceQuality "1"]
[WhiteTeam "Bad Windsheim/Ansbach"]
[BlackTeam "Rothenburg"]
[WhiteTeamCountry "GER"]
[BlackTeamCountry "GER"]

1. d4 d5 2. Nc3 Nf6 3. Bg5 Nc6 4. Bxf6 exf6 5. e3 a6 6. Bd3 Bb4 7. Nge2 Ne7 8. a3 Ba5 9. b4 Bb6 10. Na4 c6 11. Nxb6 Qxb6 12. c3 Be6 13. Qc2 Qc7 14. Ng3 h5 15. h4 Bg4 16. Nf5 Bxf5 17. Bxf5 g6 18. Bd3 Qd7 19. g3 Kf8 20. Bf1 Kg7 21. Bh3 Qd6 22. Qe2 f5 23. 0-0 Rae8 24. Qf3 Ng8 25. Qf4 Qe7 26. Rac1 Nh6 27. c4 dxc4 28. Rxc4 f6 29. d5 g5 30. hxg5 fxg5 31. Qd4+ Kh7 32. dxc6 b5 33. Rc5 g4 34. Bg2 h4 35. Qd7 h3 36. Qxe7+ Rxe7 37. Bh1 Rc8 38. Rd1 Rec7 39. Rd7+ Kg6 40. Re5 Rxc6 41. Bxc6 Rxc6 42. Rc5 Re6 43. Rdc7 Kh5 44. R7c6 1-0

[Event "Mittelfranken-chTB2a 1213"]
[Site "Germany"]
[Date "2012.10.07"]
[Round "6.6"]
[White "Lutz, Hans Joachim"]
[Black "Diller, Marianne"]
[Result "0-1"]
[WhiteElo "1755"]
[BlackElo "1792"]
[PlyCount "66"]
[EventDate "2012.10.07"]
[EventType "team-tourn"]
[EventRounds "9"]
[EventCountry "GER"]
[SourceTitle "EXT 2019"]
[Source "ChessBase"]
[SourceDate "2018.10.10"]
[SourceVersion "1"]
[SourceVersionDate "2018.10.10"]
[SourceQuality "1"]
[WhiteTeam "Bechhofen II"]
[BlackTeam "Rothenburg"]
[WhiteTeamCountry "GER"]
[BlackTeamCountry "GER"]

1. d4 d5 2. Nf3 e6 3. Bf4 Nf6 4. c4 Nbd7 5. Nc3 c6 6. e3 Be7 7. Bd3 0-0 8. 0-0 h6 9. cxd5 exd5 10. Rc1 Nb6 11. Ne5 Re8 12. Bb1 Nfd7 13. Qc2 Nf8 14. Ne2 Bd6 15. Nc3 f6 16. Ng6 Bxf4 17. exf4 f5 18. Nxf8 Rxf8 19. Rfe1 Qh4 20. Qd2 Nc4 21. Qe2 Qxf4 22. Rcd1 Qg5 23. b3 Nd6 24. Rd3 f4 25. Na4 Bf5 26. Qd2 Bxd3 27. Qxd3 Rae8 28. Re5 Rxe5 29. dxe5 f3 30. g3 Ne4 31. e6 Qc1+ 32. Qf1 Qxf1+ 33. Kxf1 Nd2+ 0-1

[Event "Mittelfranken-chTB2a 1112"]
[Site "Germany"]
[Date "2012.03.11"]
[Round "8.5"]
[White "Nahlik, Bernhard"]
[Black "Diller, Marianne"]
[Result "0-1"]
[WhiteElo "1691"]
[BlackElo "1792"]
[PlyCount "38"]
[EventDate "2011.09.25"]
[EventType "team-tourn"]
[EventRounds "9"]
[EventCountry "GER"]
[SourceTitle "EXT 2018"]
[Source "ChessBase"]
[SourceDate "2017.10.13"]
[SourceVersion "1"]
[SourceVersionDate "2017.10.13"]
[SourceQuality "1"]
[WhiteTeam "Ansbach"]
[BlackTeam "Rothenburg"]
[WhiteTeamCountry "GER"]
[BlackTeamCountry "GER"]

1. d4 d5 2. Nf3 e6 3. e3 c5 4. Be2 Nc6 5. 0-0 Nf6 6. b3 cxd4 7. exd4 Bd6 8. Nc3 Bd7 9. Nb5 Qe7 10. a4 Rc8 11. Nxd6+ Qxd6 12. Ba3 Qf4 13. Re1 h6 14. b4 g5 15. b5 Ne7 16. Ne5 Nf5 17. Bh5 Rh7 18. Bb2 Nxh5 19. Qxh5 Rxc2 0-1

[Event "Mittelfranken-chTB2a 1112"]
[Site "Germany"]
[Date "2012.02.26"]
[Round "7.4"]
[White "Suess, Helmut"]
[Black "Diller, Marianne"]
[Result "1-0"]
[WhiteElo "1917"]
[BlackElo "1792"]
[PlyCount "75"]
[EventDate "2011.09.25"]
[EventType "team-tourn"]
[EventRounds "9"]
[EventCountry "GER"]
[SourceTitle "EXT 2018"]
[Source "ChessBase"]
[SourceDate "2017.10.13"]
[SourceVersion "1"]
[SourceVersionDate "2017.10.13"]
[SourceQuality "1"]
[WhiteTeam "Nuernberg NT V"]
[BlackTeam "Rothenburg"]
[WhiteTeamCountry "GER"]
[BlackTeamCountry "GER"]

1. d4 d5 2. c4 e6 3. Nc3 Nf6 4. Nf3 Be7 5. Bg5 h6 6. Bh4 0-0 7. e3 Nbd7 8. cxd5 exd5 9. Bd3 c6 10. 0-0 Nh5 11. Bxe7 Qxe7 12. a3 Re8 13. b4 a6 14. Qb3 g5 15. Rfe1 g4 16. Nd2 Qg5 17. Qc2 Ndf6 18. Na4 Rb8 19. Nc5 Kh8 20. a4 g3 21. hxg3 Ng4 22. Nf3 Qg7 23. Nh4 Rg8 24. Bf5 Bxf5 25. Qxf5 Ngf6 26. Reb1 Qf8 27. Nf3 Qe7 28. Qe5 Rbe8 29. Qxe7 Rxe7 30. b5 axb5 31. axb5 Ne4 32. bxc6 bxc6 33. Rb6 Nxc5 34. dxc5 Rc8 35. Raa6 Re6 36. Nd4 Ree8 37. Rxc6 Rxc6 38. Rxc6 1-0

[Event "Mittelfrankenliga-B2b 0708"]
[Site "Mittelfranken"]
[Date "2008.04.27"]
[Round "9.6"]
[White "Diller, Marianne"]
[Black "Frank, Werner1111"]
[Result "0-1"]
[WhiteElo "1825"]
[BlackElo "1830"]
[PlyCount "124"]
[EventDate "2007.10.14"]
[EventType "team-tourn"]
[EventRounds "9"]
[EventCountry "GER"]
[SourceTitle "EXT 2011"]
[Source "ChessBase"]
[SourceDate "2010.11.26"]
[SourceVersion "1"]
[SourceVersionDate "2010.11.26"]
[SourceQuality "1"]
[WhiteTeam "Rothenburg"]
[BlackTeam "Heilsbronn"]
[WhiteTeamCountry "GER"]
[BlackTeamCountry "GER"]

1. d4 e5 2. d5 d6 3. c4 f5 4. Nc3 Nf6 5. Bg5 Be7 6. Bxf6 Bxf6 7. e3 0-0 8. g3 Nd7 9. Nge2 e4 10. Nd4 Ne5 11. Be2 h5 12. 0-0 h4 13. b4 hxg3 14. hxg3 Qe7 15. Rc1 g6 16. c5 a6 17. cxd6 cxd6 18. Kg2 Bd7 19. Qb3 Nd3 20. Bxd3 Bxd4 21. exd4 exd3 22. Qd1 Qg5 23. f4 Qf6 24. Qxd3 Rac8 25. Rfd1 Qf7 26. a4 b5 27. a5 Rc4 28. Rb1 Rfc8 29. Rb3 R8c7 30. Re1 Bc8 31. Qe3 Bb7 32. Kf2 Kg7 33. Qf3 Rxd4 34. Rd1 Rdc4 35. Ne2 Re4 36. Rc3 Rce7 37. Rc2 Qf6 38. Qd3 Kg8 39. Nd4 Bxd5 40. Nxb5 Be6 41. Nd4 Bf7 42. Rc6 g5 43. Rxa6 gxf4 44. Ra8+ Kg7 45. Rc8 fxg3+ 46. Qxg3+ Rg4 47. Qh3 Be8 48. Ne2 Qb2 49. Qc3+ Qxc3 50. Rxc3 Bh5 51. Rd4 Rxe2+ 52. Kxe2 Rxd4+ 53. Ke3 Rxb4 54. Rc6 f4+ 55. Kf2 Rb2+ 56. Kg1 Ra2 57. Rxd6 Rxa5 58. Rd4 f3 59. Rf4 Kg6 60. Rf8 Kg5 61. Kf2 Ra2+ 62. Kf1 Kh4 0-1

[Event "Mittelfrankenliga-B2b 0708"]
[Site "Mittelfranken"]
[Date "2008.04.13"]
[Round "8.5"]
[White "Korth, Manfred"]
[Black "Diller, Marianne"]
[Result "0-1"]
[WhiteElo "1752"]
[BlackElo "1825"]
[PlyCount "110"]
[EventDate "2007.10.14"]
[EventType "team-tourn"]
[EventRounds "9"]
[EventCountry "GER"]
[SourceTitle "EXT 2011"]
[Source "ChessBase"]
[SourceDate "2010.11.26"]
[SourceVersion "1"]
[SourceVersionDate "2010.11.26"]
[SourceQuality "1"]
[WhiteTeam "Heideck/Hilpoltstein"]
[BlackTeam "Rothenburg"]
[WhiteTeamCountry "GER"]
[BlackTeamCountry "GER"]

1. c4 c5 2. Nc3 Nf6 3. Nf3 e6 4. g3 d5 5. cxd5 exd5 6. d4 Nc6 7. Bg2 cxd4 8. Nxd4 Bb4 9. 0-0 Bxc3 10. bxc3 0-0 11. Bg5 Be6 12. Nxe6 fxe6 13. Rb1 Qc7 14. Bf4 Qf7 15. Qb3 Na5 16. Qb5 b6 17. Rbd1 Rac8 18. Rd3 Rc4 19. Qb2 Qh5 20. h4 Ne4 21. Rd4 Nxc3 22. Bf3 Qg6 23. Rxc4 Nxc4 24. Qxc3 Rxf4 25. Bg2 Qf6 26. Qc1 Rd4 27. Rd1 Rxd1+ 28. Qxd1 Nd6 29. Qa4 Qe7 30. Bh3 Nf7 31. Qc6 Nd8 32. Qc8 Kf7 33. Qc2 g6 34. Qd2 Qd6 35. Qh6 Kg8 36. Qc1 e5 37. h5 Nc6 38. hxg6 hxg6 39. Bg2 Kg7 40. Qd2 Ne7 41. Qd3 a5 42. Qb3 Qc5 43. a4 e4 44. Qb2+ Kf7 45. Qe5 Qc1+ 46. Kh2 Qc6 47. Qa1 Qf6 48. Qe1 Qd4 49. Bh3 Qxa4 50. Qc3 Qc6 51. Qh8 Qf6 52. Qh7+ Ke8 53. Kg2 a4 54. Qh6 a3 55. Qe3 a2 0-1

[Event "Mittelfrankenliga-B2b 0607"]
[Site "Mittelfranken"]
[Date "2007.03.11"]
[Round "7.5"]
[White "Wirth, Karl Heinz"]
[Black "Diller, Marianne"]
[Result "0-1"]
[WhiteElo "1782"]
[BlackElo "1921"]
[PlyCount "62"]
[EventDate "2006.10.22"]
[EventType "team-tourn"]
[EventRounds "9"]
[EventCountry "GER"]
[SourceTitle "EXT 2011"]
[Source "ChessBase"]
[SourceDate "2010.11.26"]
[SourceVersion "1"]
[SourceVersionDate "2010.11.26"]
[SourceQuality "1"]
[WhiteTeam "Muehlhof"]
[BlackTeam "Rothenburg"]
[WhiteTeamCountry "GER"]
[BlackTeamCountry "GER"]

1. e4 d5 2. d4 dxe4 3. Nc3 Bf5 4. f3 Nf6 5. fxe4 Bxe4 6. Nf3 e6 7. Bg5 Bb4 8. Bb5+ c6 9. Be2 Nbd7 10. 0-0 Bxc3 11. bxc3 Qa5 12. Bd2 0-0 13. Bd3 Bxd3 14. cxd3 Qc7 15. Rb1 Nb6 16. Ne5 c5 17. Bf4 Nfd5 18. Bg3 Ne3 19. Qh5 Nxf1 20. Rxf1 Qe7 21. dxc5 Qxc5+ 22. d4 Qxc3 23. Nxf7 Qxd4+ 24. Bf2 Qd7 25. Ng5 g6 26. Qe2 Rae8 27. Rd1 Nd5 28. Bc5 Rf5 29. Ne4 Nf4 30. Qc2 Qc6 31. Ng3 Rxc5 0-1

[Event "Mittelfrankenliga-B2b 0607"]
[Site "Mittelfranken"]
[Date "2007.02.11"]
[Round "6.5"]
[White "Diller, Marianne"]
[Black "Strobel, Norbert"]
[Result "0-1"]
[WhiteElo "1921"]
[BlackElo "1938"]
[PlyCount "72"]
[EventDate "2006.10.22"]
[EventType "team-tourn"]
[EventRounds "9"]
[EventCountry "GER"]
[SourceTitle "EXT 2011"]
[Source "ChessBase"]
[SourceDate "2010.11.26"]
[SourceVersion "1"]
[SourceVersionDate "2010.11.26"]
[SourceQuality "1"]
[WhiteTeam "Rothenburg"]
[BlackTeam "Cadolzburg"]
[WhiteTeamCountry "GER"]
[BlackTeamCountry "GER"]

1. d4 d5 2. c4 Nf6 3. Nc3 c6 4. Bf4 e6 5. e3 Bb4 6. Bd3 dxc4 7. Bxc4 Nd5 8. Nge2 Nxf4 9. Nxf4 0-0 10. 0-0 b5 11. Bd3 Nd7 12. Ne4 e5 13. Nh5 g6 14. Nhg3 exd4 15. exd4 Qb6 16. Be2 Rd8 17. d5 cxd5 18. Qxd5 Rb8 19. Ng5 Rf8 20. h4 Nf6 21. Qb3 Be7 22. Rae1 h6 23. Bd3 hxg5 24. Rxe7 Be6 25. Qc2 Nd5 26. Bxg6 Nxe7 27. Bh7+ Kh8 28. Nh5 Qc6 29. Qe2 f6 30. Be4 Qc4 31. Bd3 Qd5 32. Nxf6 Rxf6 33. Qh5+ Kg8 34. hxg5 Rf7 35. Qh6 Qxd3 36. Qxe6 Qf5 0-1

[Event "Mittelfrankenliga-B2b 0607"]
[Site "Mittelfranken"]
[Date "2006.10.22"]
[Round "1.7"]
[White "Diller, Marianne"]
[Black "Ruderer, Thomas"]
[Result "1-0"]
[WhiteElo "1921"]
[BlackElo "1719"]
[PlyCount "69"]
[EventDate "2006.10.22"]
[EventType "team-tourn"]
[EventRounds "9"]
[EventCountry "GER"]
[SourceTitle "EXT 2011"]
[Source "ChessBase"]
[SourceDate "2010.11.26"]
[SourceVersion "1"]
[SourceVersionDate "2010.11.26"]
[SourceQuality "1"]
[WhiteTeam "Rothenburg"]
[BlackTeam "Heideck/Hilpoltstein"]
[WhiteTeamCountry "GER"]
[BlackTeamCountry "GER"]

1. d4 e6 2. c4 d5 3. Bf4 Nf6 4. e3 Be7 5. Nf3 0-0 6. Nc3 a6 7. Rc1 dxc4 8. Bxc4 Nbd7 9. 0-0 b5 10. Bd3 c5 11. dxc5 Nxc5 12. Bb1 Bb7 13. Ne5 Rc8 14. b4 Nce4 15. Qb3 Nd2 16. Qb2 Nxf1 17. Rxf1 Nd5 18. Nxd5 exd5 19. Qe2 Bf6 20. Qg4 Rc7 21. h4 Qe7 22. Nf3 Rc4 23. Qg3 Rfc8 24. Bd6 Qe6 25. Bc5 Rg4 26. Qh3 d4 27. exd4 Bxf3 28. Qxf3 g6 29. d5 Qd7 30. Qxf6 Qxd5 31. g3 Rc6 32. Qb2 Qf3 33. Re1 Rf6 34. Re8+ Kg7 35. Bf8+ 1-0